[Event "37. Copenhagen Open (Politiken Cup)"]
[Site "Elsinore"]
[Date "2015.08.02"]
[Round "10"]
[White "Vovk, Oksana"]
[Black "Jorgensen, Dennis"]
[Result "1/2-1/2"]
[WhiteElo "2127"]
[BlackElo "2253"]
[PlyCount "196"]
[EventDate "2015.07.25"]
[EventType "swiss"]
[EventRounds "10"]
[EventCountry "DEN"]
[Source "ChessBase"]
[SourceDate "2015.09.14"]

1. c4 c6 2. Nf3 d5 3. d4 Nf6 4. Nc3 a6 5. cxd5 cxd5 6. Bf4 Nc6 7. Rc1 Bf5 8. e3
Rc8 9. Be2 e6 10. O-O Bd6 11. Bg3 O-O 12. Nh4 Be4 13. Bxd6 Qxd6 14. f3 Bg6 15.
Nxg6 hxg6 16. f4 Na5 17. Bd3 Rc6 18. Na4 Rfc8 19. Rxc6 Qxc6 20. Nc5 Nc4 21. Qe2
Nd6 22. Re1 a5 23. h3 b6 24. Nb3 Qa4 25. Nc1 Nfe4 26. Kh2 Rc7 27. Bb1 Qd7 28.
Nd3 Qe7 29. Nf2 Nf6 30. g3 Qd7 31. Kg2 Qc8 32. Qd2 Rc6 33. Rd1 Qc7 34. Qe2 Nf5
35. g4 Nd6 36. Bd3 Nfe4 37. Nxe4 Nxe4 38. Qe1 Nd6 39. Kf3 Qc8 40. Qe2 Qd8 41.
Qe1 g5 42. fxg5 Qxg5 43. Qg3 g6 44. Qf4 Qe7 45. Qg3 Qc7 46. Qh2 Nc4 47. Qxc7
Rxc7 48. Bxc4 Rxc4 49. Rd2 Rc1 50. Rf2 Rh1 51. Kg3 Re1 52. Kf3 g5 53. Rc2 Rh1
54. Kg3 Rb1 55. Kf3 Kg7 56. Kg3 Kf6 57. b3 Ra1 58. Rc6 Rxa2 59. Rxb6 Ra3 60.
Kf3 Ra1 61. Rb5 Kg6 62. Rb6 Rf1+ 63. Kg2 Rb1 64. Rb5 f5 65. Kf3 f4 66. exf4
Rf1+ 67. Ke2 Rxf4 68. Ke3 Rf1 69. Rxa5 Rh1 70. Rb5 Rxh3+ 71. Kf2 Rd3 72. Rb4
Kf6 73. Kg2 Ke7 74. Kf2 Kd7 75. Rb7+ Kc6 76. Rb4 Rd1 77. Kg2 Re1 78. Kf3 Re4
79. Ra4 Kb5 80. Ra8 Rxd4 81. Re8 Re4 82. Rg8 Re5 83. Rb8+ Kc5 84. b4+ Kd4 85.
b5 Re3+ 86. Kf2 Rb3 87. Rg8 e5 88. Rxg5 e4 89. Rg8 Rxb5 90. g5 Rb2+ 91. Kg3 Kd3
92. g6 Rb6 93. Kf4 d4 94. Kf5 Rb5+ 95. Kf6 e3 96. g7 Rb7 97. Rd8 Rxg7 98. Kxg7
Kd2 1/2-1/2

[Event "37. Copenhagen Open (Politiken Cup)"]
[Site "Elsinore"]
[Date "2015.08.02"]
[Round "10"]
[White "Vuilleumier, Alexandre"]
[Black "Walton, Alan J"]
[Result "1-0"]
[WhiteElo "2357"]
[BlackElo "2173"]
[PlyCount "115"]
[EventDate "2015.07.25"]
[EventType "swiss"]
[EventRounds "10"]
[EventCountry "DEN"]
[Source "ChessBase"]
[SourceDate "2015.09.14"]

1. e4 e6 2. d4 d5 3. Nc3 Nf6 4. e5 Nfd7 5. f4 c5 6. Nf3 Nc6 7. Be3 Be7 8. Qd2
O-O 9. dxc5 f6 10. exf6 Bxf6 11. O-O-O Qe7 12. f5 Nxc5 13. Nxd5 exd5 14. Qxd5+
Ne6 15. Bc4 Qb4 16. Bb3 Ne7 17. Qd6 Qxd6 18. Rxd6 Nxf5 19. Bxe6+ Bxe6 20. Rxe6
Rfe8 21. Rxe8+ Rxe8 22. Bf2 g5 23. Re1 Rd8 24. g4 Nd6 25. Bxa7 Nc4 26. b3 Bb2+
27. Kb1 Bc3 28. Rh1 Rf8 29. Nd4 Nd2+ 30. Kc1 Ne4 31. Nb5 Be5 32. Bd4 Bxd4 33.
Nxd4 Nf2 34. Rg1 Rf4 35. Ne6 Rxg4 36. Rxg4 Nxg4 37. Nxg5 Nxh2 38. a4 Ng4 39.
Kd2 h5 40. Kd3 Kf8 41. a5 Ke7 42. b4 Kd6 43. Ne4+ Kc6 44. c4 Ne5+ 45. Kd4 Nf3+
46. Ke3 Ne5 47. b5+ Kc7 48. Kd4 Nd7 49. c5 h4 50. Ng5 Nf6 51. Ne6+ Kd7 52. a6
h3 53. axb7 h2 54. b8=Q h1=Q 55. Qd6+ Ke8 56. Qf8+ Kd7 57. Qf7+ Kc8 58. Qc7#
1-0

[Event "37. Copenhagen Open (Politiken Cup)"]
[Site "Elsinore"]
[Date "2015.08.02"]
[Round "10"]
[White "Zeier, Klaus"]
[Black "Zude, Erik"]
[Result "0-1"]
[WhiteElo "2229"]
[BlackElo "2398"]
[PlyCount "52"]
[EventDate "2015.07.25"]
[EventType "swiss"]
[EventRounds "10"]
[EventCountry "DEN"]
[Source "ChessBase"]
[SourceDate "2015.09.14"]

1. e4 c5 2. Nf3 d6 3. Bb5+ Nd7 4. O-O a6 5. Bxd7+ Bxd7 6. c3 e6 7. d4 Ne7 8.
Re1 Ng6 9. Nbd2 Be7 10. Nc4 b5 11. Ne3 O-O 12. d5 c4 13. b3 Qc7 14. bxc4 bxc4
15. Ba3 e5 16. Nf5 Bxf5 17. exf5 Nf4 18. Nxe5 dxe5 19. d6 Qc6 20. Qg4 Bxd6 21.
Bxd6 Qxd6 22. Rad1 Qf6 23. g3 Nd3 24. Re2 Rac8 25. h4 g6 26. fxg6 fxg6 0-1